Miss Brocklehurst on the Nile : diary of a victorian traveller in Egypt /

محفوظ في:

المؤلف الرئيسي: Brocklehurst, Marianne, 1832-1898 (مؤلف)

التنسيق: كتاب

اللغة: English

منشور في: Disley : Millrace, 2004.

الموضوعات:

الوسوم: إضافة وسم

لا توجد وسوم, كن أول من يضع وسما على هذه التسجيلة!

رقم الطلب: DT54 .B76 2004

LEADER 00734nam a2200205Ia 4500
003 OSt
005 20260326110207.0
008 211223s2004 enkabfh 000 0 eng d
020 |a 1902173147 
040 |c ARCE Library 
050 4 |a DT54 .B76 2004 
100 1 |a Brocklehurst, Marianne,   |d 1832-1898,   |e author 
245 1 0 |a Miss Brocklehurst on the Nile :   |b diary of a victorian traveller in Egypt /   |c Marianne Brocklehurst. 
264 1 |a Disley :   |b Millrace,   |c 2004. 
300 |a xxiii, 117 pages, [8] pages of plates :   |b ill., map, facsim. ;   |c 18 cm. 
600 1 0 |a Brocklehurst, Marianne,   |d 1832-1898   |x Voyages and travels   |v Diaries. 
651 0 |a Egypt   |x Description and travel. 
901 |a reviewed 
942 |2 lcc  |c BK 
999 |c 41150  |d 41150